000 00761nam a2200217Ia 4500
005 20241129105921.0
008 241129s9999||||xx |||||||||||||| ||und||
020 _a978-93-94902-35-0
037 _aTB
040 _aARTS
_bhin
_cARTS
041 _ahin
_2hin
084 _aO152wN31 R2
_qARTS
100 _aत्रिपाठी, विश्वनाथ, ले.
245 0 _aबिसनाथ का बलरामपुर
_cत्रिपाठी, विश्वनाथ, ले.
260 _aनई दिल्ली, भारत
_bराजकमल प्रकाशन
_c2020
300 _a223पृ0
365 _aINR
_b695
650 _aHindi Literature
_923866
942 _cTB
_hO152wN31 R2
999 _c1226570
_d1226570